000 00539nam a2200205Ia 4500
003 OSt
005 20220926042004.0
006 a|||||r|||| 00| 0
007 ta
008 220923b |||||||| |||| 00| 0 eng d
037 _cGeneral Book
040 _aRTL
_cRTL
_beng
041 _2eng
_aeng
082 _aY:58.73.N5, J6
100 _aHutchinson E P
_9345694
245 0 _aImmigrants and their children, 1850-1950
260 _c1956
942 _hY:58.73.N5, J6
_cGB
_2CC
999 _c668609
_d668609